[Event "FIDE World Cup 2025"]
[Site "Goa, India"]
[Date "2025.11.03"]
[Round "5.3"]
[White "Raja, Rithvik R"]
[Black "Nogerbek, Kazybek"]
[Result "0-1"]
[TimeControl ": 90 minutes for the first 40 moves, followed by 30 minutes for the rest of the gamewith an increment of 30 seconds per move starting from move 1"]
[WhiteFideId "35007394"]
[BlackFideId "13710427"]
[WhiteElo "2541"]
[BlackElo "2543"]

1. Nf3 {[%clk 00:10:18]} {[%emt 00:00:02]} d5 {[%clk 00:10:19]} {[%emt
00:00:02]} 2. g3 {[%clk 00:10:26]} {[%emt 00:00:02]} c5 {[%clk 00:10:28]} 3.
Bg2 {[%clk 00:10:31]} {[%emt 00:00:05]} Nc6 {[%clk 00:10:36]} {[%emt 00:00:01]}
4. d4 {[%clk 00:10:39]} {[%emt 00:00:03]} e6 {[%clk 00:10:45]} {[%emt
00:00:01]} 5. O-O {[%clk 00:10:40]} {[%emt 00:00:09]} cxd4 {[%clk 00:10:53]}
{[%emt 00:00:02]} 6. Nxd4 {[%clk 00:10:43]} {[%emt 00:00:07]} Nge7 {[%clk
00:11:02]} {[%emt 00:00:01]} 7. Nb3 {[%clk 00:10:00]} {[%emt 00:00:53]} g6
{[%clk 00:11:08]} {[%emt 00:00:01]} 8. e4 {[%clk 00:09:29]} {[%emt 00:00:43]}
Bg7 {[%clk 00:11:16]} {[%emt 00:00:03]} 9. exd5 {[%clk 00:09:24]} {[%emt
00:00:16]} exd5 {[%clk 00:11:24]} 10. Nc3 {[%clk 00:09:06]} {[%emt 00:00:28]}
O-O {[%clk 00:11:32]} {[%emt 00:00:02]} 11. Re1 {[%clk 00:08:26]} {[%emt
00:00:50]} h6 {[%clk 00:10:32]} {[%emt 00:01:10]} 12. Nb5 {[%clk 00:06:51]}
{[%emt 00:01:46]} a6 {[%clk 00:08:13]} {[%emt 00:02:30]} 13. N5d4 {[%clk
00:06:55]} {[%emt 00:00:05]} Nf5 {[%clk 00:08:19]} {[%emt 00:00:03]} 14. c3
{[%clk 00:05:52]} {[%emt 00:01:13]} Nfxd4 {[%clk 00:08:05]} {[%emt 00:00:24]}
15. Nxd4 {[%clk 00:06:01]} {[%emt 00:00:02]} Nxd4 {[%clk 00:07:58]} {[%emt
00:00:17]} 16. cxd4 {[%clk 00:06:09]} {[%emt 00:00:02]} Be6 {[%clk 00:07:40]}
{[%emt 00:00:25]} 17. Qb3 {[%clk 00:05:56]} {[%emt 00:00:26]} b5 {[%clk
00:06:46]} {[%emt 00:01:04]} 18. Bf4 {[%clk 00:05:49]} {[%emt 00:00:17]} Rc8
{[%clk 00:06:32]} {[%emt 00:00:24]} 19. Qe3 {[%clk 00:05:26]} {[%emt 00:00:33]}
Rc2 {[%clk 00:05:46]} {[%emt 00:00:56]} 20. Bxh6 {[%clk 00:04:57]} {[%emt
00:00:39]} Bxh6 {[%clk 00:05:54]} {[%emt 00:00:02]} 21. Qxh6 {[%clk 00:05:04]}
{[%emt 00:00:02]} Qf6 {[%clk 00:06:03]} {[%emt 00:00:02]} 22. Qe3 {[%clk
00:04:47]} {[%emt 00:00:28]} Rxb2 {[%clk 00:06:05]} {[%emt 00:00:08]} 23. a4
{[%clk 00:03:34]} {[%emt 00:01:24]} Rc8 {[%clk 00:05:35]} {[%emt 00:00:39]} 24.
axb5 {[%clk 00:01:36]} {[%emt 00:02:08]} Rc3 {[%clk 00:04:51]} {[%emt
00:00:54]} 25. Qf4 {[%clk 00:01:43]} {[%emt 00:00:03]} Qxf4 {[%clk 00:04:59]}
{[%emt 00:00:02]} 26. gxf4 {[%clk 00:01:52]} {[%emt 00:00:02]} axb5 {[%clk
00:04:58]} {[%emt 00:00:11]} 27. f5 {[%clk 00:00:52]} {[%emt 00:01:11]} Bxf5
{[%clk 00:04:17]} {[%emt 00:00:51]} 28. Bxd5 {[%emt 00:00:04]} Rc7 {[%clk
00:04:25]} 29. Be4 {[%clk 00:00:42]} {[%emt 00:00:27]} Bd7 {[%clk 00:04:16]}
{[%emt 00:00:20]} 30. Rec1 {[%clk 00:00:35]} {[%emt 00:00:17]} Rxc1+ {[%clk
00:04:00]} {[%emt 00:00:25]} 31. Rxc1 {[%clk 00:00:44]} {[%emt 00:00:01]} Rb4
{[%clk 00:03:47]} {[%emt 00:00:23]} 32. Rd1 {[%clk 00:00:43]} {[%emt 00:00:10]}
Kf8 {[%clk 00:03:55]} {[%emt 00:00:02]} 33. Kg2 {[%clk 00:00:43]} {[%emt
00:00:10]} Ke7 {[%clk 00:04:03]} {[%emt 00:00:03]} 34. Bd5 {[%clk 00:00:44]}
{[%emt 00:00:08]} f6 {[%clk 00:03:52]} {[%emt 00:00:21]} 35. h4 {[%clk
00:00:39]} {[%emt 00:00:14]} Bf5 {[%clk 00:02:42]} {[%emt 00:01:21]} 36. Kf3
{[%clk 00:00:36]} {[%emt 00:00:12]} Kd6 {[%clk 00:02:31]} {[%emt 00:00:22]} 37.
Bf7 {[%clk 00:00:43]} {[%emt 00:00:04]} Ra4 {[%clk 00:01:51]} {[%emt 00:00:50]}
38. Kf4 {[%clk 00:00:33]} {[%emt 00:00:20]} Ra7 {[%clk 00:01:59]} 39. Be8
{[%clk 00:00:29]} {[%emt 00:00:13]} b4 {[%clk 00:02:07]} {[%emt 00:00:02]} 40.
Rd2 {[%clk 00:00:16]} {[%emt 00:00:24]} Re7 {[%clk 00:02:08]} {[%emt 00:00:08]}
41. Ba4 {[%clk 00:00:17]} {[%emt 00:00:09]} Re4+ {[%clk 00:02:17]} {[%emt
00:00:01]} 42. Kf3 {[%clk 00:00:22]} {[%emt 00:00:04]} Rxh4 {[%clk 00:02:25]}
{[%emt 00:00:04]} 43. Ke3 {[%clk 00:00:13]} {[%emt 00:00:18]} Re4+ {[%clk
00:02:05]} {[%emt 00:00:30]} 44. Kf3 {[%clk 00:00:22]} {[%emt 00:00:01]} Re1
{[%clk 00:01:57]} {[%emt 00:00:17]} 45. Bd1 {[%clk 00:00:00]} {[%emt 00:00:23]}
0-1

[Event "FIDE World Cup 2025"]
[Site "Goa, India"]
[Date "2025.11.03"]
[Round "5.4"]
[White "Warmerdam, Max"]
[Black "Lalit, Babu M R"]
[Result "1-0"]
[TimeControl ": 90 minutes for the first 40 moves, followed by 30 minutes for the rest of the gamewith an increment of 30 seconds per move starting from move 1"]
[WhiteFideId "1048104"]
[BlackFideId "5024595"]
[WhiteElo "2582"]
[BlackElo "2502"]

1. Nf3 {[%clk 00:10:19]} d5 {[%clk 00:10:19]} {[%emt 00:00:02]} 2. c4 {[%clk
00:10:28]} c6 {[%clk 00:10:27]} {[%emt 00:00:02]} 3. g3 {[%clk 00:10:36]}
{[%emt 00:00:01]} dxc4 {[%clk 00:10:26]} {[%emt 00:00:11]} 4. Bg2 {[%clk
00:10:44]} {[%emt 00:00:02]} Nf6 {[%clk 00:10:16]} {[%emt 00:00:19]} 5. Qc2
{[%clk 00:10:53]} {[%emt 00:00:02]} b5 {[%clk 00:09:05]} {[%emt 00:01:21]} 6.
O-O {[%clk 00:11:01]} {[%emt 00:00:02]} e6 {[%clk 00:08:54]} {[%emt 00:00:21]}
7. Ne1 {[%clk 00:11:09]} {[%emt 00:00:02]} Bb7 {[%clk 00:08:27]} {[%emt
00:00:37]} 8. d3 {[%clk 00:11:18]} {[%emt 00:00:02]} cxd3 {[%clk 00:08:13]}
{[%emt 00:00:23]} 9. Nxd3 {[%clk 00:11:26]} {[%emt 00:00:01]} Nbd7 {[%clk
00:08:23]} 10. Rd1 {[%clk 00:10:59]} {[%emt 00:00:38]} Bd6 {[%clk 00:07:59]}
{[%emt 00:00:33]} 11. a4 {[%clk 00:09:49]} {[%emt 00:01:21]} a6 {[%clk
00:07:44]} {[%emt 00:00:25]} 12. Nd2 {[%clk 00:09:31]} {[%emt 00:00:28]} O-O
{[%clk 00:04:36]} {[%emt 00:03:18]} 13. Nb3 {[%clk 00:09:40]} {[%emt 00:00:02]}
Nd5 {[%clk 00:03:15]} {[%emt 00:01:31]} 14. e4 {[%clk 00:07:02]} {[%emt
00:02:48]} Nb4 {[%clk 00:03:09]} {[%emt 00:00:16]} 15. Nxb4 {[%clk 00:06:54]}
{[%emt 00:00:18]} Bxb4 {[%clk 00:03:17]} {[%emt 00:00:02]} 16. Bd2 {[%clk
00:06:54]} {[%emt 00:00:09]} Bxd2 {[%clk 00:02:51]} {[%emt 00:00:37]} 17. Qxd2
{[%clk 00:07:01]} {[%emt 00:00:04]} Ne5 {[%clk 00:02:00]} {[%emt 00:01:00]} 18.
Qc3 {[%clk 00:06:23]} {[%emt 00:00:48]} Qc7 {[%clk 00:01:52]} {[%emt 00:00:18]}
19. Nc5 {[%clk 00:06:30]} {[%emt 00:00:02]} Rab8 {[%clk 00:01:55]} {[%emt
00:00:07]} 20. f4 {[%clk 00:06:16]} {[%emt 00:00:24]} Nc4 {[%clk 00:01:55]}
{[%emt 00:00:10]} 21. a5 {[%clk 00:03:31]} {[%emt 00:02:56]} Rbd8 {[%clk
00:01:33]} {[%emt 00:00:32]} 22. b3 {[%clk 00:03:22]} {[%emt 00:00:19]} Nd6
{[%clk 00:01:30]} {[%emt 00:00:13]} 23. Rd2 {[%clk 00:02:41]} {[%emt 00:00:51]}
Bc8 {[%clk 00:01:19]} {[%emt 00:00:21]} 24. Rad1 {[%clk 00:02:49]} {[%emt
00:00:02]} Nb7 {[%clk 00:01:07]} {[%emt 00:00:23]} 25. b4 {[%clk 00:02:33]}
{[%emt 00:00:26]} Nxc5 {[%clk 00:01:07]} {[%emt 00:00:10]} 26. Qxc5 {[%clk
00:02:41]} Rxd2 {[%clk 00:01:14]} {[%emt 00:00:03]} 27. Rxd2 {[%clk 00:02:50]}
Rd8 {[%clk 00:01:23]} {[%emt 00:00:02]} 28. Qxc6 {[%clk 00:02:36]} {[%emt
00:00:23]} Qe7 {[%clk 00:01:04]} {[%emt 00:00:29]} 29. Rxd8+ {[%clk 00:02:20]}
{[%emt 00:00:26]} Qxd8 {[%clk 00:01:13]} 30. h4 {[%clk 00:02:28]} {[%emt
00:00:02]} Qd4+ {[%clk 00:01:02]} {[%emt 00:00:21]} 31. Kh2 {[%clk 00:02:34]}
{[%emt 00:00:03]} Qd7 {[%clk 00:01:11]} {[%emt 00:00:03]} 32. Qb6 {[%clk
00:02:28]} {[%emt 00:00:15]} f6 {[%clk 00:01:19]} {[%emt 00:00:02]} 33. e5
{[%clk 00:02:33]} {[%emt 00:00:06]} fxe5 {[%clk 00:01:27]} {[%emt 00:00:02]} 34.
fxe5 {[%clk 00:02:42]} Kf8 {[%clk 00:01:07]} {[%emt 00:00:30]} 35. Kh3 {[%clk
00:02:41]} {[%emt 00:00:11]} Ke7 {[%clk 00:00:40]} {[%emt 00:00:37]} 36. Bc6
{[%clk 00:02:15]} {[%emt 00:00:36]} Qd8 {[%clk 00:00:46]} {[%emt 00:00:04]} 37.
Qa7+ {[%clk 00:02:10]} {[%emt 00:00:15]} Kf8 {[%clk 00:00:55]} {[%emt
00:00:01]} 38. Qb8 {[%clk 00:02:11]} {[%emt 00:00:09]} Ke7 {[%clk 00:01:03]}
{[%emt 00:00:01]} 39. Bb7 {[%clk 00:01:56]} {[%emt 00:00:25]} Bxb7 {[%clk
00:00:56]} {[%emt 00:00:18]} 40. Qxb7+ {[%clk 00:02:05]} {[%emt 00:00:01]} Kf8
{[%clk 00:00:53]} {[%emt 00:00:13]} 41. Qxa6 {[%clk 00:02:08]} {[%emt
00:00:06]} Kf7 {[%clk 00:00:28]} {[%emt 00:00:35]} 42. Qb7+ {[%clk 00:02:16]}
{[%emt 00:00:03]} Kg6 {[%clk 00:00:34]} {[%emt 00:00:03]} 43. Qe4+ {[%clk
00:02:21]} {[%emt 00:00:05]} Kf7 {[%clk 00:00:41]} {[%emt 00:00:04]} 44. Qf3+
{[%clk 00:02:21]} {[%emt 00:00:10]} Kg6 {[%clk 00:00:45]} {[%emt 00:00:05]} 45.
h5+ {[%clk 00:02:07]} {[%emt 00:00:25]} Kh6 {[%clk 00:00:38]} {[%emt 00:00:17]}
46. Qf4+ {[%clk 00:02:15]} {[%emt 00:00:01]} 1-0

[Event "FIDE World Cup 2025"]
[Site "Goa, India"]
[Date "2025.11.03"]
[Round "5.5"]
[White "Brkic, Ante"]
[Black "Oro, Faustino"]
[Result "1/2-1/2"]
[TimeControl ": 90 minutes for the first 40 moves, followed by 30 minutes for the rest of the gamewith an increment of 30 seconds per move starting from move 1"]
[WhiteFideId "14506688"]
[BlackFideId "20000197"]
[WhiteElo "2578"]
[BlackElo "2509"]

1. e4 {[%clk 00:10:19]} c6 {[%clk 00:10:18]} {[%emt 00:00:03]} 2. d4 {[%clk
00:10:28]} d5 {[%clk 00:10:27]} {[%emt 00:00:02]} 3. exd5 {[%clk 00:10:37]}
cxd5 {[%clk 00:10:36]} {[%emt 00:00:01]} 4. Nf3 {[%clk 00:10:46]} Nc6 {[%clk
00:10:41]} {[%emt 00:00:05]} 5. c3 {[%clk 00:10:55]} Nf6 {[%clk 00:10:11]}
{[%emt 00:00:41]} 6. Ne5 {[%clk 00:10:39]} {[%emt 00:00:26]} a6 {[%clk
00:09:36]} {[%emt 00:00:45]} 7. Bd3 {[%clk 00:09:50]} {[%emt 00:00:59]} g6
{[%clk 00:08:46]} {[%emt 00:00:59]} 8. O-O {[%clk 00:08:37]} {[%emt 00:01:24]}
Bg7 {[%clk 00:08:37]} {[%emt 00:00:19]} 9. Re1 {[%clk 00:08:20]} {[%emt
00:00:27]} O-O {[%clk 00:08:41]} {[%emt 00:00:05]} 10. Nd2 {[%clk 00:08:15]}
{[%emt 00:00:16]} Ne8 {[%clk 00:07:02]} {[%emt 00:01:49]} 11. Ndf3 {[%clk
00:07:52]} {[%emt 00:00:33]} Nd6 {[%clk 00:07:10]} {[%emt 00:00:03]} 12. h4
{[%clk 00:07:12]} {[%emt 00:00:48]} Bf5 {[%clk 00:06:29]} {[%emt 00:00:51]} 13.
h5 {[%clk 00:06:55]} {[%emt 00:00:27]} Bxd3 {[%clk 00:06:26]} {[%emt 00:00:12]}
14. Qxd3 {[%clk 00:06:55]} {[%emt 00:00:10]} Ne4 {[%clk 00:06:23]} {[%emt
00:00:14]} 15. Nxc6 {[%clk 00:06:02]} {[%emt 00:01:03]} bxc6 {[%clk 00:06:31]}
{[%emt 00:00:02]} 16. Ng5 {[%clk 00:06:10]} {[%emt 00:00:01]} Nxg5 {[%clk
00:05:53]} {[%emt 00:00:49]} 17. Bxg5 {[%clk 00:06:19]} Bf6 {[%clk 00:06:01]}
{[%emt 00:00:02]} 18. Bxf6 {[%clk 00:05:18]} {[%emt 00:01:12]} exf6 {[%clk
00:06:09]} 19. h6 {[%clk 00:05:21]} {[%emt 00:00:08]} Re8 {[%clk 00:05:23]}
{[%emt 00:00:56]} 20. Rxe8+ {[%clk 00:04:36]} {[%emt 00:00:56]} Qxe8 {[%clk
00:05:31]} {[%emt 00:00:01]} 21. Qd2 {[%clk 00:03:48]} {[%emt 00:00:58]} Qf8
{[%clk 00:05:26]} {[%emt 00:00:15]} 22. Qf4 {[%clk 00:03:16]} {[%emt 00:00:43]}
Qe7 {[%clk 00:05:34]} {[%emt 00:00:02]} 23. Rd1 {[%clk 00:03:00]} {[%emt
00:00:25]} f5 {[%clk 00:04:35]} {[%emt 00:01:10]} 24. Rd3 {[%clk 00:02:47]}
{[%emt 00:00:22]} Qe4 {[%clk 00:04:30]} {[%emt 00:00:15]} 25. Qe5 {[%clk
00:00:39]} {[%emt 00:02:19]} Qxe5 {[%clk 00:04:15]} {[%emt 00:00:25]} 26. dxe5
{[%clk 00:00:48]} {[%emt 00:00:01]} Kf8 {[%clk 00:04:12]} {[%emt 00:00:14]} 27.
c4 {[%clk 00:00:49]} {[%emt 00:00:09]} dxc4 {[%clk 00:02:39]} {[%emt 00:01:43]}
28. Rd4 {[%clk 00:00:23]} {[%emt 00:00:36]} Rb8 {[%clk 00:02:32]} {[%emt
00:00:17]} 29. Rxc4 {[%clk 00:00:22]} {[%emt 00:00:11]} Rxb2 {[%clk 00:02:41]}
30. Rxc6 {[%clk 00:00:22]} {[%emt 00:00:09]} Rxa2 {[%clk 00:02:50]} {[%emt
00:00:02]} 31. e6 {[%clk 00:00:31]} Rd2 {[%clk 00:01:58]} {[%emt 00:01:02]} 32.
Rxa6 {[%clk 00:00:20]} {[%emt 00:00:22]} fxe6 {[%clk 00:02:00]} {[%emt
00:00:07]} 33. Rxe6 {[%clk 00:00:21]} {[%emt 00:00:09]} Kf7 {[%clk 00:02:06]}
{[%emt 00:00:03]} 34. Ra6 {[%clk 00:00:30]} {[%emt 00:00:02]} g5 {[%clk
00:02:10]} {[%emt 00:00:05]} 35. g3 {[%clk 00:00:34]} {[%emt 00:00:07]} Re2
{[%clk 00:02:06]} {[%emt 00:00:14]} 36. Ra5 {[%clk 00:00:24]} {[%emt 00:00:20]}
Kf6 {[%clk 00:02:09]} {[%emt 00:00:07]} 37. Kg2 {[%clk 00:00:30]} {[%emt
00:00:05]} Re6 {[%clk 00:02:09]} {[%emt 00:00:09]} 38. Kh3 {[%clk 00:00:25]}
{[%emt 00:00:15]} g4+ {[%clk 00:01:48]} {[%emt 00:00:31]} 39. Kg2 {[%clk
00:00:27]} {[%emt 00:00:08]} Kg6 {[%clk 00:01:56]} {[%emt 00:00:02]} 40. Rb5
{[%clk 00:00:30]} {[%emt 00:00:08]} Kg5 {[%clk 00:01:35]} {[%emt 00:00:30]} 41.
Ra5 {[%clk 00:00:36]} {[%emt 00:00:03]} Rf6 {[%clk 00:01:21]} {[%emt 00:00:26]}
42. f3 {[%clk 00:00:37]} {[%emt 00:00:08]} Kxh6 {[%clk 00:01:29]} {[%emt
00:00:02]} 43. fxg4 {[%clk 00:00:41]} {[%emt 00:00:06]} fxg4 {[%clk 00:01:38]}
44. Rb5 {[%clk 00:00:46]} {[%emt 00:00:06]} Kg6 {[%clk 00:01:46]} {[%emt
00:00:02]} 45. Ra5 {[%clk 00:00:52]} {[%emt 00:00:03]} Rc6 {[%clk 00:01:55]} 46.
Rb5 {[%clk 00:00:58]} {[%emt 00:00:05]} Rc2+ {[%clk 00:01:38]} {[%emt
00:00:27]} 47. Kg1 {[%clk 00:01:07]} {[%emt 00:00:01]} Re2 {[%clk 00:01:30]}
{[%emt 00:00:17]} 48. Ra5 {[%clk 00:01:15]} {[%emt 00:00:03]} Re3 {[%clk
00:01:36]} {[%emt 00:00:03]} 49. Kg2 {[%clk 00:01:23]} {[%emt 00:00:02]} Rf3
{[%clk 00:01:45]} {[%emt 00:00:01]} 50. Rb5 {[%clk 00:01:28]} {[%emt 00:00:05]}
Rf5 {[%clk 00:01:50]} {[%emt 00:00:04]} 51. Rb6+ {[%clk 00:01:35]} {[%emt
00:00:04]} Kg5 {[%clk 00:01:59]} 52. Rb7 {[%clk 00:01:44]} {[%emt 00:00:01]} h6
{[%clk 00:02:00]} {[%emt 00:00:08]} 53. Rg7+ {[%clk 00:01:47]} {[%emt
00:00:07]} Kh5 {[%clk 00:02:09]} 54. Rg8 {[%clk 00:01:47]} {[%emt 00:00:10]}
Rg5 {[%clk 00:02:18]} {[%emt 00:00:02]} 55. Ra8 {[%clk 00:01:41]} {[%emt
00:00:14]} Rb5 {[%clk 00:02:25]} {[%emt 00:00:04]} 56. Rg8 {[%clk 00:01:48]}
{[%emt 00:00:03]} Rg5 {[%clk 00:02:28]} {[%emt 00:00:08]} 57. Ra8 {[%clk
00:01:57]} {[%emt 00:00:01]} Kg6 {[%clk 00:02:13]} {[%emt 00:00:25]} 58. Ra6+
{[%clk 00:02:06]} {[%emt 00:00:01]} Kh7 {[%clk 00:02:22]} 59. Ra7+ {[%clk
00:02:11]} {[%emt 00:00:05]} Rg7 {[%clk 00:02:29]} {[%emt 00:00:02]} 60. Ra6
{[%clk 00:02:20]} {[%emt 00:00:02]} Rf7 {[%clk 00:02:35]} {[%emt 00:00:04]} 61.
Ra4 {[%clk 00:02:12]} {[%emt 00:00:17]} h5 {[%clk 00:02:42]} {[%emt 00:00:03]}
62. Ra6 {[%clk 00:02:21]} {[%emt 00:00:01]} Kg7 {[%clk 00:02:51]} 63. Rb6
{[%clk 00:02:20]} {[%emt 00:00:12]} Rf6 {[%clk 00:02:59]} 64. Rb5 {[%clk
00:00:39]} {[%emt 00:01:52]} Kg6 {[%clk 00:03:06]} {[%emt 00:00:03]} 65. Ra5
{[%clk 00:00:47]} {[%emt 00:00:02]} Rf5 {[%clk 00:03:03]} {[%emt 00:00:13]} 66.
Ra6+ {[%clk 00:00:52]} {[%emt 00:00:06]} Kg5 {[%clk 00:03:11]} {[%emt
00:00:01]} 67. Ra8 {[%clk 00:01:00]} {[%emt 00:00:02]} Rd5 {[%clk 00:03:12]}
{[%emt 00:00:09]} 68. Rf8 {[%clk 00:01:07]} {[%emt 00:00:03]} Rd6 {[%clk
00:03:05]} {[%emt 00:00:17]} 69. Rf7 {[%clk 00:01:07]} {[%emt 00:00:11]} Rd8
{[%clk 00:02:57]} {[%emt 00:00:18]} 70. Ra7 {[%clk 00:00:55]} {[%emt 00:00:22]}
Kf6 {[%clk 00:02:44]} {[%emt 00:00:22]} 71. Ra5 {[%clk 00:00:57]} {[%emt
00:00:08]} Rd2+ {[%clk 00:02:29]} {[%emt 00:00:25]} 72. Kg1 {[%clk 00:01:06]}
Kg6 {[%clk 00:02:38]} {[%emt 00:00:01]} 73. Ra6+ {[%clk 00:00:41]} {[%emt
00:00:36]} Kf5 {[%clk 00:02:16]} {[%emt 00:00:31]} 74. Ra5+ {[%clk 00:00:50]}
Ke4 {[%clk 00:02:10]} {[%emt 00:00:16]} 75. Rxh5 {[%clk 00:00:56]} {[%emt
00:00:04]} Rd5 {[%clk 00:01:59]} {[%emt 00:00:21]} 76. Rh8 {[%clk 00:00:48]}
{[%emt 00:00:18]} Kf3 {[%clk 00:02:05]} {[%emt 00:00:04]} 77. Rf8+ {[%clk
00:00:46]} {[%emt 00:00:11]} Kxg3 {[%clk 00:02:14]} {[%emt 00:00:02]} 78. Rf1
{[%clk 00:00:55]} {[%emt 00:00:01]} Rd2 {[%clk 00:02:17]} {[%emt 00:00:06]} 79.
Ra1 {[%clk 00:01:01]} {[%emt 00:00:03]} Kh3 {[%clk 00:02:25]} {[%emt 00:00:02]}
80. Ra3+ {[%clk 00:00:58]} {[%emt 00:00:15]} g3 {[%clk 00:02:34]} {[%emt
00:00:01]} 81. Ra1 {[%clk 00:01:07]} Rd3 {[%clk 00:02:43]} 82. Rb1 {[%clk
00:01:08]} {[%emt 00:00:09]} Rf3 {[%clk 00:02:51]} {[%emt 00:00:02]} 83. Ra1
{[%clk 00:01:13]} {[%emt 00:00:05]} g2 {[%clk 00:02:59]} {[%emt 00:00:01]} 84.
Rb1 {[%clk 00:01:15]} {[%emt 00:00:08]} Rf1+ {[%clk 00:03:07]} {[%emt
00:00:02]} 85. Rxf1 {[%clk 00:01:24]} {[%emt 00:00:02]} gxf1=N {[%clk
00:03:13]} {[%emt 00:00:04]} 86. Kxf1 {[%clk 00:01:32]} {[%emt 00:00:02]}
1/2-1/2